[Event "WYCC U18 Girls 2019"]
[Site "Mumbai"]
[Date "2019.10.05"]
[Round "5.3"]
[White "Harshini, A."]
[Black "Munkhzul, Turmunkh"]
[Result "1/2-1/2"]
[WhiteElo "2230"]
[BlackElo "2332"]
[Annotator "TA"]
[PlyCount "195"]
[EventDate "2019.10.02"]
[EventType "swiss"]
[EventCountry "IND"]
[SourceTitle "playchess.com"]
[Source "ChessBase"]
[SourceQuality "1"]

{[%evp 14,195,0,3,0,9,85,81,75,72,69,85,58,73,70,65,62,72,77,42,58,50,56,64,79,57,68,33,41,31,35,6,53,32,33,22,78,83,70,64,150,141,151,155,147,150,139,135,194,192,169,137,145,140,142,150,130,112,255,132,202,214,264,208,370,308,308,306,305,302,294,285,294,293,287,272,251,0,0,0,0,0,0,0,0,0,61,61,61,46,61,46,54,58,61,61,61,61,61,0,0,0,0,0,0,0,12839,0,0,0,12839,12839,12840,12840,12841,12841,12841,12842,12843,12843,12844,12844,12845,12845,12850,0,12845,0,0,0,0,0,0,0,0,0,0,0,27987,27988,27988,27989,27989,27988,27988,27989,27989,27988,27988,27989,27989,27986,27989,27990,27990,0,0,0,0,0,0,0,0,0,0,0,0,0,0,0,0,0,0,0,0,0,0,0,0,0,0,0,0,0]} 1. e4 e5 2. Nf3 Nc6 3. Bb5 Nf6 4. O-O Nxe4 5. d4 Nd6 6. dxe5 Nxb5 7. a4 d6 8. e6 Bxe6 {C67: Ruy Lopez: Berlin Defence: 4 0-0 Nxe4} 9. axb5 Nb8 (9... Ne5 $11 {keeps the balance.}) (9... Ne5 10. Nd4 Bd7 11. f4 Ng4 12. Qf3 Be7 13. f5 Nf6 14. Qxb7 O-O 15. Nc6 Bxc6 16. Qxc6 d5 17. Bf4 Bd6 18. Nc3 Bxf4 19. Rxf4 Re8 {½-½ (19) Firouzja,A (2561)-Wang,H (2711) Kuala Lumpur 2018}) 10. Nd4 Be7 {White is better.} 11. Re1 $146 ({Predecessor:} 11. Nxe6 fxe6 12. Qg4 O-O 13. Qxe6+ Kh8 14. Be3 Bf6 15. Rxa7 Rxa7 16. Bxa7 {1-0 (51) Gadimbayli,A (2409)-Ilyasli,U (2148) Baku 2019}) 11... O-O 12. Rxe6 fxe6 13. Nxe6 {[%mdl 64] Double Attack} Qc8 14. Nxf8 Bxf8 15. Be3 Nd7 16. Qg4 Nb6 17. Qxc8 Nxc8 18. Nc3 Be7 19. Ra4 Bd8 20. Re4 Kf7 21. Rf4+ Ke8 22. Bd4 g5 (22... g6 {feels hotter.} 23. g4 a6 24. bxa6 Rxa6 25. Kg2 Ra1) 23. Re4+ (23. Rf3 {keeps more tension.} h5 24. Ne4 a6 25. Ra3 Kf7 26. f3) 23... Kf7 24. f4 $36 {[%mdl 2048] White has the initiative.} a6 (24... g4 $11) 25. fxg5 $16 Bxg5 26. Rg4 h6 (26... Bh6 $1 $14) 27. h4 Be7 28. Nd5 axb5 29. Nxc7 Ra1+ 30. Kh2 d5 (30... Na7 $16 {was necessary.}) 31. Nxb5 $18 Nd6 32. Rg7+ Kf8 33. Nxd6 Bxd6+ $16 {[%mdl 4096] Endgame KRB-KRB} 34. g3 Rd1 35. Bf6 $1 d4 (35... Rf1 $16) 36. Rg4 (36. Rxb7 d3 $16) (36. Rd7 $18 Bc5 37. Rxb7) 36... Rd2+ (36... d3 $16 {keeps fighting.}) 37. Kh3 $18 Bc5 38. b4 Ba7 $2 (38... Kf7 {was worth a try.}) 39. Bg7+ Ke8 40. Bxh6 Rxc2 41. Rg8+ Kd7 42. Rg7+ Kc6 43. Bf4 {Hoping for Rc7+.} d3 44. Rc7+ Kd5 {And now ...Rxc7 would win.} 45. Rxb7 $2 ({White must play} 45. Rd7+ $1 $18 Ke4 46. h5 (46. Rxb7 Bg1 $16)) 45... Bd4 $11 46. Rd7+ Ke4 47. h5 d2 {[#]} 48. Bxd2 $1 {[%mdl 512]} Rxd2 {KRB-KR} 49. h6 {Strongly threatening h7.} Ra2 (49... Rd1 $1 $11) 50. h7 $14 {[%mdl 1024] Black must now prevent Rxd4+! White has compensation.} Ra8 $1 51. Kg4 {Kh5 is the strong threat.} Bh8 52. Re7+ Kd5 53. Kh5 $1 Rb8 54. g4 $1 Kd6 $1 {[%cal Rd6e7]} 55. Ra7 $1 Bd4 56. Ra4 (56. Rf7 $1 $14) 56... Ke7 $1 $11 57. g5 Kf7 58. b5 Rxb5 {[#]} 59. Ra7+ $1 {[%mdl 512]} Kf8 $2 {[%mdl 8192]} (59... Ke6 $11) (59... Bxa7 60. h8=Q) 60. Ra8+ $2 ({White has to play} 60. Kh6 $1 $18 Rb8 61. Rd7) 60... Kf7 {[#]} 61. Ra7+ $1 {[%mdl 8704]} Kf8 $18 (61... Bxa7 62. h8=Q) 62. Kh6 $1 Rb8 {[#]} 63. g6 $1 {[%cal Rg6g7][%mdl 512]} Be3+ 64. Kh5 {[%cal Rh7h8]} Bd4 65. Rd7 Bb2 66. Rf7+ Ke8 67. Rc7 Kf8 68. Kh6 {Threatening mate with g7+.} Rb3 69. Rf7+ (69. g7+ Bxg7+ 70. Rxg7 Rh3+ 71. Kg6 Rg3+ 72. Kf6 Rf3+ 73. Kg6 Rg3+ 74. Kh6 Rh3+ 75. Kg6 Rg3+ $11) 69... Ke8 {[#]} 70. g7 $2 ({Only move:} 70. Ra7 $1 $18 Kf8 71. Rf7+ (71. g7+ Bxg7+ 72. Rxg7 Rh3+ 73. Kg6 Rg3+ 74. Kh6 Rh3+ 75. Kg6 Rg3+ 76. Kh6 Rh3+ $11) 71... Ke8 72. Rc7) 70... Rh3+ $11 71. Kg5 {[%cal Rg7g8]} Rg3+ 72. Kf5 Kxf7 73. h8=Q {[%csl Gg7][%cal Rh8f8]} Bxg7 {KQ-KRB} 74. Qh5+ Kf8 75. Qd1 {Intending Qd6+ and mate.} (75. Qe2 {with more complications.}) 75... Rc3 76. Qd6+ Kf7 77. Kg5 {aiming for Qd5+.} Bh8 78. Qd5+ $2 ({White should play} 78. Qd7+ Kg8 79. Kh6) 78... Kf8 79. Qd8+ Kg7 80. Qf6+ $2 (80. Qd7+ Kf8 81. Kg6 Rg3+ 82. Kh6) 80... Kg8 81. Qe6+ Kg7 82. Qd6 $2 ({Better is} 82. Qd7+ Kf8 83. Qd6+ Kg7 84. Qd7+ Kg8 85. Kh6) 82... Kf7 83. Qd7+ Kf8 84. Kh6 $2 (84. Kg6 {[%csl Gg6][%cal Rd7f7]} Rg3+ 85. Kh6) 84... Bf6 {The position is equal.} 85. Kh7 (85. Kg6 {is more complex.}) 85... Be7 86. Qf5+ (86. Kh6 {is interesting.}) 86... Ke8 87. Qb5+ Kd8 88. Qa5+ Rc7 89. Qa8+ Kd7 90. Kg7 Rc5 91. Qb7+ Ke8 (91... Kd6 {seems wilder.}) 92. Qa8+ Kd7 93. Qe4 Bd6 94. Kf7 Re5 95. Qb7+ Bc7 96. Kf6 Re6+ 97. Kf5 Re5+ 98. Kg4 {Accuracy: White = 72%, Black = 54%.} 1/2-1/2

[Event "WYCC U18 Girls 2019"]
[Site "Mumbai"]
[Date "2019.10.05"]
[Round "5.3"]
[White "Harshini A"]
[Black "Munkhzul, Turmunkh"]
[Result "*"]
[WhiteElo "2230"]
[BlackElo "2332"]
[Annotator "ChessBase"]
[PlyCount "78"]
[EventDate "2019.10.02"]
[EventType "swiss"]
[EventCountry "IND"]
[SourceTitle "playchess.com"]
[Source "ChessBase"]
[SourceQuality "1"]
[TimeControl "40/5400+30:1800+30"]

1. e4 {[%emt 0:00:09]} e5 {[%emt 0:00:00]} 2. Nf3 Nc6 {[%emt 0:00:00]} 3. Bb5 {[%emt 0:00:12]} Nf6 {[%emt 0:00:08]} 4. O-O {[%emt 0:00:21]} Nxe4 {[%emt 0:00:06]} 5. d4 {[%emt 0:00:43]} Nd6 {[%emt 0:00:16]} 6. dxe5 {[%emt 0:00:20]} Nxb5 {[%emt 0:00:52]} 7. a4 {[%emt 0:00:06]} d6 {[%emt 0:02:38]} 8. e6 {[%emt 0:14:24]} Bxe6 {[%emt 0:02:14]} 9. axb5 {[%emt 0:00:05]} Nb8 {[%emt 0:07:24]} 10. Nd4 {[%emt 0:04:31]} Be7 {[%emt 0:04:16]} 11. Re1 {[%emt 0:03:02]} O-O {[%emt 0:02:09]} 12. Rxe6 {[%emt 0:01:45]} fxe6 {[%emt 0:01:07]} 13. Nxe6 {[%emt 0:00:06]} Qc8 {[%emt 0:01:41]} 14. Nxf8 {[%emt 0:01:02]} Bxf8 {[%emt 0:00:30]} 15. Be3 {[%emt 0:03:31]} Nd7 {[%emt 0:03:18]} 16. Qg4 {[%emt 0:02:30]} Nb6 {[%emt 0:12:45]} 17. Qxc8 {[%emt 0:01:51]} Nxc8 {[%emt 0:00:04]} 18. Nc3 {[%emt 0:00:05]} Be7 {[%emt 0:01:28]} 19. Ra4 {[%emt 0:13:13]} Bd8 {[%emt 0:03:08]} 20. Re4 {[%emt 0:10:16]} Kf7 {[%emt 0:01:07]} 21. Rf4+ {[%emt 0:01:43]} Ke8 {[%emt 0:02:24]} 22. Bd4 {[%emt 0:02:03]} g5 {[%emt 0:04:37]} 23. Re4+ {[%emt 0:01:07]} Kf7 {[%emt 0:01:24]} 24. f4 {[%emt 0:01:13]} a6 {[%emt 0:01:21]} 25. fxg5 {[%emt 0:00:09]} Bxg5 {[%emt 0:01:01]} 26. Rg4 {[%emt 0:00:32]} h6 {[%emt 0:03:18]} 27. h4 {[%emt 0:01:12]} Be7 {[%emt 0:09:24]} 28. Nd5 {[%emt 0:06:12]} axb5 {[%emt 0:02:48]} 29. Nxc7 {[%emt 0:01:23]} Ra1+ {[%emt 0:00:43]} 30. Kh2 {[%emt 0:00:13]} d5 {[%emt 0:08:21]} 31. Nxb5 {[%emt 0:08:16]} Nd6 {[%emt 0:02:54]} 32. Rg7+ {[%emt 0:06:28]} Kf8 {[%emt 0:00:08]} 33. Nxd6 {[%emt 0:01:16]} Bxd6+ {[%emt 0:00:05]} 34. g3 {[%emt 0:00:06]} Rd1 {[%emt 0:02:32]} 35. Bf6 {[%emt 0:01:44]} d4 {[%emt 0:11:19]} 36. Rg4 {[%emt 0:05:41]} Rd2+ {[%emt 0:01:33]} 37. Kh3 {[%emt 0:00:09]} Bc5 {[%emt 0:00:15]} 38. b4 {[%emt 0:02:05]} Ba7 {[%emt 0:01:44]} 39. Bg7+ {[%emt 0:01:04]} Ke8 {[%emt 0:01:15]} *

[Event "WYCC U18 Girls 2019"]
[Site "Mumbai"]
[Date "2019.10.05"]
[Round "5.4"]
[White "Schulze, Lara"]
[Black "Cervantes Landeiro, Thalia"]
[Result "1/2-1/2"]
[WhiteElo "2327"]
[BlackElo "2176"]
[Annotator "TA"]
[PlyCount "65"]
[EventDate "2019.10.02"]
[EventType "swiss"]
[EventCountry "IND"]
[SourceTitle "playchess.com"]
[Source "ChessBase"]
[SourceQuality "1"]

{[%evp 23,65,37,49,45,39,30,83,74,60,70,83,53,58,56,54,63,73,56,52,51,55,56,65,33,36,38,45,45,66,0,0,0,0,0,0,-10,0,-98,-21,-25,-20,-15,-10,-11]} 1. e4 e5 2. Nf3 Nc6 3. Bc4 Bc5 4. c3 Nf6 5. d3 a6 6. O-O Ba7 7. Nbd2 O-O 8. h3 d6 9. Bb3 Ne7 10. Re1 Ng6 11. Nf1 h6 12. Ng3 Re8 13. d4 {C54: Giuoco Piano: 4 c3 Nf6, main lines with 5 d4 and 5 d3} b5 (13... c6 14. Be3 exd4 15. Bxd4 c5 {½-½ (15) Andreikin,D (2719)-Mamedyarov,S (2817) St Petersburg 2018}) 14. Bd2 {[#]} d5 $146 (14... c5 $11) ({Predecessor:} 14... Bb7 15. dxe5 dxe5 16. Qc1 Bc8 17. Bxh6 gxh6 18. Qxh6 {½-½ (18) Atlas,V (2450)-Lutz,C (2560) Ptuj 1995}) 15. exd5 {[%cal Rf3e5] White is better.} exd4 16. Rxe8+ Qxe8 17. Nxd4 Bb7 18. Ndf5 Rd8 19. Nh5 Qe5 20. Nxf6+ Qxf6 21. Qf3 {aiming for Nxh6+!} Ne5 22. Qe4 Bc8 23. Bf4 Re8 24. Nd4 Bd7 {[#] And now ...Ng6 would win.} 25. Bg3 Nc6 26. Qf4 (26. Qc2 $14 Bxd4 27. dxc6 (27. cxd4 Nxd4 28. Qxc7 Qf5 $14)) 26... Nxd4 27. cxd4 Qxf4 28. Bxf4 Bxd4 29. Bxc7 Re2 30. Bg3 {[#]} (30. Rd1 $1 $11 Ba7 31. Bg3) 30... Bxb2 ({Better is} 30... a5 $1 $17 {[%cal Ra5a4]} 31. Rd1 Bf6) 31. Rd1 a5 {Strongly threatening ...a4.} 32. Kf1 Re8 33. Re1 {Accuracy: White = 67%, Black = 68%.} 1/2-1/2

[Event "WYCC U18 Girls 2019"]
[Site "Mumbai"]
[Date "2019.10.05"]
[Round "5.5"]
[White "Shpanko, Nadiia"]
[Black "Afonasieva, Anna"]
[Result "0-1"]
[WhiteElo "2213"]
[BlackElo "2312"]
[Annotator "ChessBase"]
[PlyCount "58"]
[EventDate "2019.10.02"]
[EventType "swiss"]
[EventCountry "IND"]
[SourceTitle "playchess.com"]
[Source "ChessBase"]
[SourceQuality "1"]
[TimeControl "40/5400+30:1800+30"]

1. e4 {[%emt 0:00:00]} c6 {[%emt 0:00:00]} 2. d4 {[%emt 0:00:00]} d5 {[%emt 0:00:00]} 3. exd5 {[%emt 0:00:00]} cxd5 {[%emt 0:00:00]} 4. c4 {[%emt 0:00:05]} Nf6 {[%emt 0:00:13]} 5. Nc3 {[%emt 0:00:08]} Nc6 {[%emt 0:01:01]} 6. Nf3 {[%emt 0:00:44]} e6 {[%emt 0:07:20]} 7. a3 {[%emt 0:03:46]} Be7 {[%emt 0:07:14]} 8. Bd3 {[%emt 0:08:46]} dxc4 {[%emt 0:00:41]} 9. Bxc4 {[%emt 0:00:06]} O-O {[%emt 0:00:10]} 10. O-O {[%emt 0:00:17]} b6 {[%emt 0:01:52]} 11. b4 {[%emt 0:05:31]} Bb7 {[%emt 0:02:06]} 12. Bb2 {[%emt 0:09:36]} Rc8 {[%emt 0:03:02]} 13. Ba2 {[%emt 0:14:37]} Bd6 {[%emt 0:02:00]} 14. d5 {[%emt 0:11:33]} Ne5 {[%emt 0:20:51]} 15. dxe6 {[%emt 0:10:13]} Nxf3+ {[%emt 0:24:47]} 16. gxf3 {[%emt 0:00:06]} Bxh2+ {[%emt 0:03:36]} 17. Kxh2 {[%emt 0:05:48]} Qc7+ {[%emt 0:00:57]} 18. Kg2 {[%emt 0:06:08]} Qf4 {[%emt 0:08:37]} 19. exf7+ {[%emt 0:00:47]} Kh8 {[%emt 0:00:57]} 20. Nd5 {[%emt 0:14:03]} Nxd5 {[%emt 0:04:26]} 21. Bxd5 {[%emt 0:00:10]} Qg5+ {[%emt 0:00:12]} 22. Kh2 {[%emt 0:00:13]} Qh5+ {[%emt 0:00:21]} 23. Kg3 {[%emt 0:00:13]} Bxd5 {[%emt 0:00:35]} 24. f4 {[%emt 0:01:10]} Qxf7 {[%emt 0:00:29]} 25. Qg4 {[%emt 0:00:45]} Rc6 {[%emt 0:02:39]} 26. f5 {[%emt 0:01:25]} Rc4 {[%emt 0:01:01]} 27. Bd4 {[%emt 0:02:10]} Qc7+ {[%emt 0:01:38]} 28. Kh3 {[%emt 0:00:43]} Rf6 {[%emt 0:00:41]} 29. Qh4 {[%emt 0:01:27]} Rxf5 {[%emt 0:01:14]} 0-1

[Event "WYCC U18 Girls 2019"]
[Site "Mumbai"]
[Date "2019.10.05"]
[Round "5.6"]
[White "Sliwicka, Alicja"]
[Black "Nilssen, Ellen Fredericia"]
[Result "1-0"]
[WhiteElo "2307"]
[BlackElo "2137"]
[Annotator "ChessBase"]
[PlyCount "53"]
[EventDate "2019.10.02"]
[EventType "swiss"]
[EventCountry "IND"]
[SourceTitle "playchess.com"]
[Source "ChessBase"]
[SourceQuality "1"]
[TimeControl "40/5400+30:1800+30"]

1. e4 {[%emt 0:00:00]} e6 {[%emt 0:00:00]} 2. d4 {[%emt 0:00:00]} d5 {[%emt 0:00:00]} 3. Nc3 {[%emt 0:00:00]} Bb4 {[%emt 0:00:00]} 4. exd5 {[%emt 0:00:00]} exd5 {[%emt 0:00:00]} 5. Bd3 {[%emt 0:00:00]} Ne7 {[%emt 0:05:43]} 6. Qh5 {[%emt 0:00:31]} Nbc6 {[%emt 0:06:40]} 7. a3 {[%emt 0:00:13]} Bxc3+ {[%emt 0:03:11]} 8. bxc3 {[%emt 0:00:07]} Be6 {[%emt 0:04:36]} 9. Rb1 {[%emt 0:00:14]} Na5 {[%emt 0:08:56]} 10. Nf3 {[%emt 0:07:20]} Qd6 {[%emt 0:09:55]} 11. Ng5 {[%emt 0:07:19]} O-O-O {[%emt 0:07:26]} 12. Nxf7 {[%emt 0:08:01]} Bxf7 {[%emt 0:00:47]} 13. Qxf7 {[%emt 0:00:08]} Rdf8 {[%emt 0:09:23]} 14. Qh5 {[%emt 0:01:54]} g6 {[%emt 0:05:46]} 15. Qe5 {[%emt 0:06:35]} Qc6 {[%emt 0:05:06]} 16. O-O {[%emt 0:05:47]} Nf5 {[%emt 0:00:46]} 17. Rb5 {[%emt 0:06:53]} Nc4 {[%emt 0:08:08]} 18. Bxc4 {[%emt 0:00:48]} dxc4 {[%emt 0:00:09]} 19. Rc5 {[%emt 0:00:36]} Qb6 {[%emt 0:01:51]} 20. Bf4 {[%emt 0:01:03]} c6 {[%emt 0:01:09]} 21. Qe6+ {[%emt 0:06:06]} Kd8 {[%emt 0:00:10]} 22. g4 {[%emt 0:04:25]} Ne7 {[%emt 0:05:33]} 23. Qd6+ {[%emt 0:02:46]} Kc8 {[%emt 0:01:20]} 24. Qxe7 {[%emt 0:00:33]} Rxf4 {[%emt 0:00:18]} 25. Qe6+ {[%emt 0:00:10]} Kb8 {[%emt 0:00:37]} 26. Qe5+ {[%emt 0:00:06]} Qc7 {[%emt 0:00:08]} 27. Qxh8+ {[%emt 0:00:08]} 1-0

[Event "WYCC U18 Girls 2019"]
[Site "Mumbai"]
[Date "2019.10.05"]
[Round "5.7"]
[White "Urh, Zala"]
[Black "Vantika, Agrawal"]
[Result "1/2-1/2"]
[WhiteElo "2105"]
[BlackElo "2283"]
[Annotator "TA"]
[PlyCount "89"]
[EventDate "2019.10.02"]
[EventType "swiss"]
[EventCountry "IND"]
[SourceTitle "playchess.com"]
[Source "ChessBase"]
[SourceQuality "1"]

{[%evp 20,89,15,8,14,0,-9,-17,12,-4,19,0,0,0,0,-3,0,-2,0,0,0,22,42,40,48,43,43,42,48,46,53,50,77,67,82,56,54,46,56,58,48,51,56,48,64,43,53,52,47,0,0,0,0,0,0,-7,0,0,0,-16,-16,-16,-16,-22,0,0,0,-22,0,0,0,-13]} 1. d4 d6 2. Nf3 Nf6 3. c4 g6 4. Nc3 Bf5 5. g3 Bg7 6. Bg2 O-O 7. O-O c6 8. Nh4 Be6 9. d5 cxd5 10. cxd5 Bd7 11. Be3 a5 {E62: King's Indian: Fianchetto: 6...c6 and Panno Variation (6...Nc6) without ...a6} (11... Qa5 12. a3 Rc8 13. Bd4 Qd8 14. h3 Na6 15. e4 Rc4 16. e5 Ne8 17. Nf3 Nc5 18. Re1 Rxd4 19. Nxd4 dxe5 {½-½ (32) Zubov,A (2612)-Nevednichy,V (2524) Konya 2017}) 12. a4 Na6 13. Bd4 Nb4 14. e4 Rc8 15. Qd2 $146 ({Predecessor:} 15. Re1 Rc4 16. Bf1 {½-½ (16) Sherwin,J (2323)-Sully,D Newport 2003}) 15... e5 16. dxe6 $1 Bxe6 17. Rfd1 Bb3 18. Rdc1 Re8 19. Nf3 Nc6 ({Not} 19... Nxe4 $2 20. Nxe4 Rxe4 21. Bxg7 $18) 20. Re1 Nxd4 21. Nxd4 Qb6 22. Ncb5 Bc4 23. Rad1 $1 Rcd8 24. b3 Bxb5 25. Nxb5 Ng4 26. h3 Ne5 27. Qd5 Bf8 28. Re3 Nc6 29. Rf3 Rd7 30. h4 Nb4 31. Qc4 Re5 32. Bh3 d5 33. exd5 $1 Rdxd5 34. Rxd5 Nxd5 {The position is equal.} 35. Bg2 Qc5 (35... Bb4 {seems wilder.} 36. Bf1 Kg7 37. Kg2 Nf6 38. Qc1 Re1) 36. Qxc5 Bxc5 37. Rd3 Nb4 38. Rd8+ Kg7 39. Bxb7 Re2 40. Nd4 Re7 41. Bc8 $1 Bb6 42. Rd6 Bc5 (42... Bc7 $5 43. Rd7 $8 Rxd7 44. Bxd7 Bb6 $11) 43. Rd8 Bb6 44. Rd6 Bc5 (44... Bc7 $5 45. Rd7 $8 Rxd7 46. Bxd7 Bb6 $11) 45. Rd8 {Accuracy: White = 68%, Black = 43%.} 1/2-1/2

[Event "WYCC U18 Girls 2019"]
[Site "Mumbai"]
[Date "2019.10.05"]
[Round "5.7"]
[White "Urh, Zala"]
[Black "Vantika Agrawal"]
[Result "*"]
[WhiteElo "2105"]
[BlackElo "2283"]
[Annotator "ChessBase"]
[PlyCount "73"]
[EventDate "2019.10.02"]
[EventType "swiss"]
[EventCountry "IND"]
[SourceTitle "playchess.com"]
[Source "ChessBase"]
[SourceQuality "1"]
[TimeControl "40/5400+30:1800+30"]

1. d4 {[%emt 0:00:00]} d6 {[%emt 0:00:00]} 2. Nf3 {[%emt 0:00:00]} Nf6 {[%emt 0:00:10]} 3. c4 {[%emt 0:00:00]} g6 {[%emt 0:00:14]} 4. Nc3 {[%emt 0:00:00]} Bf5 {[%emt 0:00:18]} 5. g3 {[%emt 0:05:23]} Bg7 {[%emt 0:00:48]} 6. Bg2 {[%emt 0:00:22]} O-O {[%emt 0:01:01]} 7. O-O {[%emt 0:01:53]} c6 {[%emt 0:02:53]} 8. Nh4 {[%emt 0:04:30]} Be6 {[%emt 0:00:38]} 9. d5 {[%emt 0:05:10]} cxd5 {[%emt 0:00:42]} 10. cxd5 {[%emt 0:00:19]} Bd7 {[%emt 0:00:21]} 11. Be3 {[%emt 0:03:18]} a5 {[%emt 0:05:36]} 12. a4 {[%emt 0:09:01]} Na6 {[%emt 0:00:58]} 13. Bd4 {[%emt 0:01:49]} Nb4 {[%emt 0:07:24]} 14. e4 {[%emt 0:04:37]} Rc8 {[%emt 0:04:45]} 15. Qd2 {[%emt 0:02:24]} e5 {[%emt 0:06:13]} 16. dxe6 {[%emt 0:02:56]} Bxe6 {[%emt 0:01:19]} 17. Rfd1 {[%emt 0:06:30]} Bb3 {[%emt 0:27:56]} 18. Rdc1 {[%emt 0:00:20]} Re8 {[%emt 0:08:42]} 19. Nf3 {[%emt 0:06:41]} Nc6 {[%emt 0:10:51]} 20. Re1 {[%emt 0:04:37]} Nxd4 {[%emt 0:11:43]} 21. Nxd4 {[%emt 0:00:14]} Qb6 {[%emt 0:00:58]} 22. Ncb5 {[%emt 0:05:40]} Bc4 {[%emt 0:00:35]} 23. Rad1 {[%emt 0:00:11]} Rcd8 {[%emt 0:02:17]} 24. b3 {[%emt 0:01:50]} Bxb5 {[%emt 0:00:12]} 25. Nxb5 {[%emt 0:00:05]} Ng4 {[%emt 0:03:41]} 26. h3 {[%emt 0:06:02]} Ne5 {[%emt 0:00:09]} 27. Qd5 {[%emt 0:00:06]} Bf8 {[%emt 0:00:49]} 28. Re3 {[%emt 0:06:10]} Nc6 {[%emt 0:01:48]} 29. Rf3 {[%emt 0:01:16]} Rd7 {[%emt 0:00:27]} 30. h4 {[%emt 0:03:03]} Nb4 {[%emt 0:00:43]} 31. Qc4 {[%emt 0:03:07]} Re5 {[%emt 0:00:46]} 32. Bh3 {[%emt 0:03:38]} d5 {[%emt 0:00:23]} 33. exd5 {[%emt 0:00:51]} Rdxd5 {[%emt 0:00:21]} 34. Rxd5 {[%emt 0:00:14]} Nxd5 {[%emt 0:00:08]} 35. Bg2 {[%emt 0:01:57]} Qc5 {[%emt 0:01:05]} 36. Qxc5 {[%emt 0:04:31]} Bxc5 {[%emt 0:00:05]} 37. Rd3 {[%emt 0:00:08]} *

[Event "WYCC U18 Girls 2019"]
[Site "Mumbai"]
[Date "2019.10.05"]
[Round "5.8"]
[White "Obolentseva, Alexandra"]
[Black "Sowa, Wiktoria"]
[Result "1/2-1/2"]
[WhiteElo "2282"]
[BlackElo "2016"]
[Annotator "ChessBase"]
[PlyCount "76"]
[EventDate "2019.10.02"]
[EventType "swiss"]
[EventCountry "IND"]
[SourceTitle "playchess.com"]
[Source "ChessBase"]
[SourceQuality "1"]
[TimeControl "40/5400+30:1800+30"]

1. d4 {[%emt 0:00:00]} Nf6 {[%emt 0:00:00]} 2. c4 {[%emt 0:00:00]} g6 {[%emt 0:00:00]} 3. Nc3 {[%emt 0:00:00]} d5 {[%emt 0:00:00]} 4. Nf3 {[%emt 0:00:00]} Bg7 {[%emt 0:00:07]} 5. Qb3 {[%emt 0:00:05]} dxc4 {[%emt 0:01:11]} 6. Qxc4 {[%emt 0:00:09]} O-O {[%emt 0:00:09]} 7. e4 {[%emt 0:00:09]} Nc6 {[%emt 0:00:39]} 8. Be2 {[%emt 0:04:41]} e5 {[%emt 0:01:51]} 9. d5 {[%emt 0:01:42]} Nd4 {[%emt 0:00:58]} 10. Nxd4 {[%emt 0:02:01]} exd4 {[%emt 0:00:05]} 11. Qxd4 {[%emt 0:00:05]} c6 {[%emt 0:00:12]} 12. Qd1 {[%emt 0:00:31]} Re8 {[%emt 0:10:22]} 13. O-O {[%emt 0:01:41]} Nxe4 {[%emt 0:04:40]} 14. Nxe4 {[%emt 0:00:34]} Rxe4 {[%emt 0:00:16]} 15. dxc6 {[%emt 0:04:09]} Rd4 {[%emt 0:02:05]} 16. cxb7 {[%emt 0:03:54]} Bxb7 {[%emt 0:02:53]} 17. Qb3 {[%emt 0:00:06]} Qe7 {[%emt 0:06:52]} 18. Bg5 {[%emt 0:08:08]} Qxg5 {[%emt 0:05:34]} 19. Qxb7 {[%emt 0:00:32]} Rad8 {[%emt 0:01:36]} 20. Qxa7 {[%emt 0:05:10]} Rd2 {[%emt 0:01:57]} 21. Qa6 {[%emt 0:03:29]} Bxb2 {[%emt 0:07:54]} 22. Rab1 {[%emt 0:03:29]} Qf5 {[%emt 0:08:50]} 23. Qb5 {[%emt 0:06:19]} Qc2 {[%emt 0:02:16]} 24. Rbe1 {[%emt 0:03:19]} Kg7 {[%emt 0:10:52]} 25. Qc4 {[%emt 0:01:07]} Qf5 {[%emt 0:00:43]} 26. a4 {[%emt 0:02:14]} Rc8 {[%emt 0:03:50]} 27. Qb5 {[%emt 0:02:31]} Rc5 {[%emt 0:00:56]} 28. Qb7 {[%emt 0:01:14]} Re5 {[%emt 0:05:34]} 29. Bf3 {[%emt 0:03:39]} Rxe1 {[%emt 0:03:45]} 30. Rxe1 {[%emt 0:00:07]} Qc5 {[%emt 0:00:46]} 31. Kh1 {[%emt 0:03:23]} Rxf2 {[%emt 0:02:48]} 32. Qd5 {[%emt 0:02:09]} Qb4 {[%emt 0:01:20]} 33. Qe4 {[%emt 0:00:13]} Qc3 {[%emt 0:03:30]} 34. Rd1 {[%emt 0:04:54]} Rc2 {[%emt 0:01:19]} 35. Qd3 {[%emt 0:01:34]} Qc5 {[%emt 0:02:02]} 36. Qb5 {[%emt 0:01:43]} Qc3 {[%emt 0:01:05]} 37. Qd3 {[%emt 0:00:23]} Qc5 {[%emt 0:00:22]} 38. Qb5 {[%emt 0:00:06]} Qc3 {[%emt 0:00:13]} 1/2-1/2